01553nam a2200289Ia 4500001001200000003000800012006001900020007001500039008004100054020001500095020001800110040002100128035002100149050002400170245034700194246006000541260005800601300002800659504004100687533015200728610004700880650005100927655002900978710011301007710001701120856012601137ebr10280006CaPaEBRm u cr cn|||||||||080814s2009 dcua sb 000 0 eng d z0309124751 z9780309124751 aCaPaEBRcCaPaEBR a(OCoLC)56785543914aTK9204b.N38 2009eb02aA review of the DOE plan for U.S. fusion community participation in the ITER programh[electronic resource] /cCommittee to Review the U.S. ITER Science Participation Planning Process, Plasma Science Committee, Board on Physics and Astronomy, Division on Engineering and Physical Sciences, National Research Council of the National Academies.30aU.S. fusion community participation in the ITER program aWashington, D.C. :bNational Academies Press,cc2009. axiv, 41 p. :bcol. ill. aIncludes bibliographical references. aElectronic reproduction.bPalo Alto, Calif. :cebrary,d2009.nAvailable via World Wide Web.nAccess may be limited to ebrary affiliated libraries.10aUnited States.bDept. of EnergyxPlanning. 0aTokamaksxResearchxInternational cooperation. 7aElectronic books.2local2 aNational Research Council (U.S.).bCommittee to Review the U.S. ITER Science Participation Planning Process.2 aebrary, Inc.40uhttp://site.ebrary.com/lib/rucke/Doc?id=10280006zAn electronic book accessible through the World Wide Web; click to view